| 000 | 00995nam a2200277Ia 4500 | ||
|---|---|---|---|
| 001 | dia_2840 | ||
| 003 | CHAP | ||
| 005 | 20230508111531.0 | ||
| 008 | 220117s1965 xx 000 0 und d | ||
| 010 | _a173340 | ||
| 040 | _cCHAP | ||
| 082 | _a664.8 S67 1965 | ||
| 100 |
_aSoroa y Pineda, José Ma. de _9153592 |
||
| 245 |
_aIndustrias transformadoras de frutas y hortalizas : jugos, concentrados, purés, cremas, jarabes, jaleas, mermeladas y confituras, esencias, pectina y subproductos / _c José Ma. de Soroa y Pineda |
||
| 260 |
_aEspaña : _b Dossat, _c1965 |
||
| 300 | _aviii, 303 p. | ||
| 590 | _aTP440 S67 1965 | ||
| 650 |
_aFruits _xIndustry and trade _9153593 |
||
| 650 |
_aFrutas _xIndustria y comercio _9150439 |
||
| 650 |
_aHortalizas _xIndustria y comercio _9153594 |
||
| 650 |
_aVegetables _xIndustry and trade _9153595 |
||
| 901 | _a664.8 S67 1965 | ||
| 902 | _aM | ||
| 905 | _a5232271965 sp and 8222123322spa16 | ||
| 942 |
_cLIBRO _2ddc |
||
| 999 |
_c173340 _d173340 |
||